Responses for Show #8745 - Friday, November 18, 2022

2022 Tournament of Champions final game 5.

Contestants

[<< previous game]

Sam Buttrey, an associate professor of operations research at the Naval Postgraduate School from Pacific Grove, California

Andrew He, a software developer from San Francisco, California

Amy Schneider, a writer from Oakland, California

[next game >>]

Jeopardy! Round responses

U.S. CITIES
FURNITURE
5-SYLLABLE WORDS
TV DRAMAS BY EPISODE TITLES
THE "ANTI" CATEGORY
THE NEANDERTHALS
    $200 27
Albuquerque

Andrew
    $200 1
swivel

Andrew
    $200 28
cryptocurrency

Andrew
    $200 19
Game of Thrones

Andrew
    $200 29
(Sam: [Calling for last clue] Bring it on.)
(Ken: There we go; I was waiting.)
[Laughter]

an antihero

Sam
    $200 30
ice ages

Sam
    $400 26
(Ken: [*], Texas, yes.)

Irving

Amy
    $400 3
a roll-top desk

Triple Stumper
    $400 23
Aboriginal

Andrew
    $400 18
Doctor Who

Amy
    $400 13
Anti-Doping

Andrew
    $400 25
Germany

Amy
    $600 8
Bethlehem

Andrew
    $1,000 4
(Amy: What is... uh... uh, armoire?)
(Ken: No, I'm sorry, coucher is the verb, I believe, it's [*].)
(Amy: Never heard of that, all right.)

a couch

Amy
    $600 22
pentasyllabic

Sam
    $600 17
The Walking Dead

Amy
    $600 12
the Anti-Federalists

Amy
    $600 24
(Ken: Yes, they were striking the stones for sparks.)

fire

Amy
    $800 7
Whittier

Sam
    $800 5
(Sam: What is the butler?)

the baker's rack

Sam
Triple Stumper
    $800 21
epistolary

Sam
    $800 16
The West Wing

Amy
    $800 11
antidisestablishmentarianism

Sam
    $800 15
(Ken: The hyoid bone is under the tongue.)

speech

Amy
    $1000 2
(Sam: What is Billings?)

Missoula

AmySam
    $1000 6
(Sam: Who is Eames?)
...
(Ken: Different chair designer, that's a [*] chair--Gustav [*].)

(Gustav) Stickley

Sam
Triple Stumper
    $1000 20
Neapolitan

Amy
    $1000 9
Felicity

Triple Stumper
    $1000 10
the Anti-Defamation League

Sam
    $1000 14
the aurochs

Amy

Scores at the first commercial break (after clue 15):

Amy Andrew Sam
$2,400 $1,200 -$200

Scores at the end of the Jeopardy! Round:

Amy Andrew Sam
$6,600 $2,200 $1,600

Double Jeopardy! Round responses

HISTORIC CASTLES
BAND AD
PAINT SAMPLES
AMERICAN WOMEN
20th CENTURY FICTION
BEFORE, DURING & AFTER
    $400 26
Isabella

Amy
    $400 27
(Andrew: Uh, [*]. Who is Kurt [*]?)

Cobain

Andrew
    $400 28
a triptych

Amy
    $400 29
(Sam: May I please have the final clue?)
[Laughter]
(Ken: So polite now.)

cystic fibrosis

Sam
    $400 30
The Fountainhead

Amy
    $400 12
Easter egg roll Tide

Amy
    $800 25
(Prince) Charles (Charles III)

Amy
    $800 4
(Ken: Hey, hey, that's correct.)

The Monkees

Sam
    $800 3
(Andrew: Who is Washington?)

William Penn

Andrew
Triple Stumper
    $800 2
(Althea) Gibson

Amy
    $800 16
Benjamin Button

Amy
    $800 13
table tennis elbow macaroni

Amy
    $1200 24
brick

Triple Stumper
    $1200 19
The Killers

Amy
    $10,000 10
(Ken: Andrew?)
(Andrew: [No response])
...
(Ken: Fools the eye, not a real cat.)

trompe-l'œil

Andrew
    $1200 1
Cassatt

Amy
    $1200 11
The Good Earth

Sam
    $1200 14
Professor X marks the spot of tea

Andrew
    $1600 23
Castel Gandolfo

Sam
    $1600 20
(Lars) Ulrich

Andrew
    $1600 17
Delft

Andrew
    $1600 5
Elizabeth Dole

Sam
    $5,000 9
The Bluest Eye

Andrew
    $1600 7
Sour Patch Kids in the Hall monitor

Andrew
    $2000 22
(Ken: Alex had it on his bucket list and never got to go.)

Syria

Triple Stumper
    $2000 21
the Pixies

Amy
    $2000 18
abstract expressionism

Andrew
    $2000 6
(Dorothea) Lange

Sam
    $2000 8
(Zane) Grey

Andrew
    $2000 15
Pete Rose Garden of Earthly Delights

Sam

Scores at the end of the Double Jeopardy! Round:

Amy Andrew Sam
$15,800 $6,800 $11,200

[wagering suggestions for these scores]

Final Jeopardy! Round responses

ENGLISH CITIES
(Ken: [To Sam] He literally built a new castle on the Tyne River.)
...
(Ken: [To Amy] What did you wager? [Wager is revealed] Just $1,800.)
[Audience gasps]
[Amy rests her elbow on the lectern with her hand against her head followed by loud cheers and applause for Sam winning.]
AndrewWhat is Avon?
$6,700
SamWhat is Newcastle upon Tyne?
$11,200
AmyWhat is Newcastle?
$1,800
Newcastle (upon Tyne)

Final scores:

Amy Andrew Sam
$17,600 $100 $22,400
2nd place: 2 match points 3rd place: 2 match points Winner: 1 match point

Game dynamics:

Coryat scores:

Amy Andrew Sam
$16,800 $13,400 $11,200
22 R,
1 W
(including 1 DD)
15 R
(including 1 DD),
2 W
(including 1 DD)
14 R,
3 W

Combined Coryat: $41,400

[game clues] [game scores] [suggest correction]

Game tape date: 2022-09-22
The J! Archive is created by fans, for fans. Scraping, republication, monetization, and malicious use prohibited; this site may use cookies and collect identifying information. See terms. The Jeopardy! game show and all elements thereof, including but not limited to copyright and trademark thereto, are the property of Jeopardy Productions, Inc. and are protected under law. This website is not affiliated with, sponsored by, or operated by Jeopardy Productions, Inc. Join the discussion at JBoard.tv.